San Manuel bueno, mártir, y tres historias más / Miguel de Unamuno
保存先:
| 第一著者: | |
|---|---|
| フォーマット: | 図書 |
| 言語: | Undetermined |
| 出版事項: |
Madrid, España
Espasa-Calpe
1979
|
| 版: | 13 |
| 主題: | |
| タグ: |
タグ追加
タグなし, このレコードへの初めてのタグを付けませんか!
|
MARC
| LEADER | 00000nam a2200000Ia 4500 | ||
|---|---|---|---|
| 008 | 170316s9999 xx 000 0 und d | ||
| 040 | |a cru BVZT | ||
| 090 | |a 862 U-2s | ||
| 100 | |a Unamuno, Miguel de | ||
| 245 | |a San Manuel bueno, mártir, y tres historias más / Miguel de Unamuno | ||
| 250 | |a 13 | ||
| 260 | |a Madrid, España | ||
| 260 | |b Espasa-Calpe | ||
| 260 | |c 1979 | ||
| 300 | |a 160 páginas | ||
| 650 | |a LITERATURA ESPAÑOLA | ||
| 650 | |a NOVELA | ||
| 999 | |c 10487 |d 10487 | ||
| 942 | |c 15 D |h 862 U-2s |2 z | ||
